• 首页
  • 本馆介绍
  • 公告通知
  • 最新文献
  • 馆藏检索
  • 电子资源
  • 读者导购
  • 参考咨询
  • 我的图书馆
  • 登录
  • 详细信息显示
  • 放入我的书架
  • 预约/预借图书
  • 作者相关作品
  • 分类相关作品
  • 丛书相关作品
  • 出版社相关作品

书目信息

  • 表格格式
  • 工作单格式
  • 卡片格式
题名:
基础护理技术操作规程
    
 
作者: 吕式瑗 主编
分册:  
出版信息: 北京   人民卫生出版社  1979
页数: 270页
开本: 20cm
丛书名:
单 册:
中图分类: R472
科图分类:
主题词: 护理--技术操作--规程 , 护理学
电子资源:
ISBN:
000 00624nam0 2200229 45
001 0179008660
005 20060815084824.09
010    @dCNY0.73
091    @a14048.2933
100    @a19950811d1979 em y0chiy0121 ea
101 0  @achi
102    @aCN@b110000
105    @ay z 000yy
200 10 @a基础护理技术操作规程@Aji chu hu li ji shu cao zuo gui cheng@f吕式瑗主编
210    @a北京@c人民卫生出版社@d1979
215    @a270页@d20cm
606    @a护理@x技术操作@x规程
606 0  @a护理学
690    @aR472
701  0 @a吕式瑗@Alu shi yuan@4主编
801  0 @aCN@bNLC@c20060815
905    @f1@b12337@f2@b41399-400@dR472@e2
    
    基础护理技术操作规程/吕式瑗主编.-北京:人民卫生出版社,1979
    270页;20cm
    
    
    ISBN :CNY0.73
    
●
相关链接 在E读中查询图书 在五车中查询图书 在当当中查询图书 在豆瓣中查询图书


正题名:基础护理技术操作规程     索取号:R472/2         预约/预借

序号 登录号 条形码 馆藏地/架位号 状态 备注
1 0012337   000713918   第三借阅区/ [索取号:R472/2] 在馆    
2 0041399   000713892   第三借阅区/ [索取号:R472/2] 在馆    
3 0041400   000713909   第三借阅区/ [索取号:R472/2] 在馆    
4 0458358   204583584   密集书库/ [索取号:R472/2] 在馆    
唐山师范学院图书馆 欢迎您!
大连网信软件有限公司© 版权所有